| 000 | 00365nam a2200157Ia 4500 | ||
|---|---|---|---|
| 008 | 230524s9999 xx 000 0 und d | ||
| 082 |
_a620.1 _bRAM |
||
| 100 | _aS.Ramamurtham | ||
| 245 | 0 | _aEngineering Mechanics | |
| 250 | _a7TH | ||
| 260 |
_aNEW DELHI _bTMH _c2004 |
||
| 300 | _aVII;718 | ||
| 500 | _aQuantity Number: 5 | ||
| 650 | _aMechanics | ||
| 942 | _cBK | ||
| 999 |
_c11478 _d11478 |
||